NLSUI OPAC header image

Urbanisation in India : Challenges, opportunities and the way forward (Record no. 40381)

MARC details
000 -LEADER
fixed length control field 01528nam a2200217Ia 4500
003 - CONTROL NUMBER IDENTIFIER
control field OSt
005 - DATE AND TIME OF LATEST TRANSACTION
control field 20210215110341.0
008 - FIXED-LENGTH DATA ELEMENTS--GENERAL INFORMATION
fixed length control field 160316s2014 xxu||||| |||| 00| 0 eng d
020 ## - INTERNATIONAL STANDARD BOOK NUMBER
International Standard Book Number 9788132117759
040 ## - CATALOGING SOURCE
Transcribing agency n
082 ## - DEWEY DECIMAL CLASSIFICATION NUMBER
Classification number 307.760954
Item number AHL
100 ## - MAIN ENTRY--PERSONAL NAME
Personal name Ahluwalia Isher Judge
245 ## - TITLE STATEMENT
Title Urbanisation in India : Challenges, opportunities and the way forward
260 ## - PUBLICATION, DISTRIBUTION, ETC.
Place of publication, distribution, etc. New Delhi
Name of publisher, distributor, etc. Sage Publications
Date of publication, distribution, etc. 2014
300 ## - PHYSICAL DESCRIPTION
Extent 337p
Dimensions xix
365 ## - TRADE PRICE
Price amount Rs. 895
505 ## - FORMATTED CONTENTS NOTE
Formatted contents note Table of contents<br/>Preface;<br/>Challenges of Urbanisation in India: An Overview - Isher Judge Ahluwalia, Ravi Kanbur and P K Mohanty;<br/>I: URBAN PLANNING, INFRASTRUCTURE AND SUSTAINABILITY;<br/>Urban Infrastructure and Service Delivery - Isher Judge Ahluwalia;<br/>Planning and Markets for Urban Development in India - Isher Judge Ahluwalia and P K Mohanty;<br/>Sustainable Urban Living - Montek S Ahluwalia and Ajay Mathur;<br/>II: FINANCE AND GOVERNANCE;<br/>A Municipal Financing Framework - P K Mohanty;<br/>Market Worthiness and Urban Local Governments - Jessica Seddon;<br/>The Practice of PPP in Urban Infrastructure - Anand Sahasranaman and Vikram Kapur;<br/>Governance and Fiscal Federalism - Govinda Rao and Richard Bird;<br/>III: INCLUSION AND GOVERNANCE;<br/>Generating Demand for Good Governance - Samuel Paul;<br/>Integrating Redevelopment of Slums in City Planning - Bimal Patel and V K Phatak;<br/>Affordable Housing in Urban India - Deepak Parekh;<br/>Index
650 ## - SUBJECT ADDED ENTRY--TOPICAL TERM
Topical term or geographic name entry element 1. Urbanization - India2. Urban Policy
700 ## - ADDED ENTRY--PERSONAL NAME
Personal name Kanbur Ravi
-- Mohanty P K
942 ## - ADDED ENTRY ELEMENTS (KOHA)
Source of classification or shelving scheme Dewey Decimal Classification
Koha item type BOOKs
Holdings
Withdrawn status Lost status Damaged status Not for loan Home library Current library Shelving location Date acquired Cost, normal purchase price Total Checkouts Full call number Barcode Date last seen Price effective from Koha item type
        . .   30.05.2017 895.00   307.760954 AHL 33789 30.05.2017 30.05.2017 BOOKs